[Event "ODJM A 2023"]
[Site "Willingen GER"]
[Date "2023.05.31"]
[Round "5"]
[White "Stork, Christopher"]
[Black "Gold, Jan Christian"]
[Result "1-0"]
[Termination "normal"]
[Board "9"]
[WhiteElo "2035"]
[BlackElo "1754"]
[WhiteClock "00:17:43"]
[BlackClock "00:00:33"]
[PlyCount "75"]
[WhiteFideId "16215400"]
[BlackFideId "16298128"]
[EventCountry "GER"]
[EventRounds "9"]
[EventType "swiss"]
[EventDate "2023.05.27"]

1. e4 {[%clk 01:30:54]} {[%emt 00:00:06]} e6 {[%clk 01:30:43]} {[%emt
00:00:18]} 2. Qe2 {[%clk 01:31:08]} {[%emt 00:00:15]} e5 {[%clk 01:27:57]}
{[%emt 00:03:15]} 3. Nf3 {[%clk 01:31:31]} {[%emt 00:00:08]} Nc6 {[%clk
01:28:24]} {[%emt 00:00:04]} 4. g3 {[%clk 01:31:57]} {[%emt 00:00:02]} Bc5
{[%clk 01:27:31]} {[%emt 00:01:23]} 5. Bg2 {[%clk 01:31:58]} {[%emt 00:00:28]}
d6 {[%clk 01:27:18]} {[%emt 00:00:43]} 6. c3 {[%clk 01:30:12]} {[%emt
00:02:16]} Be6 {[%clk 01:24:28]} {[%emt 00:03:21]} 7. O-O {[%emt 00:04:48]} Qd7
{[%clk 01:19:35]} {[%emt 00:04:02]} 8. Rd1 {[%clk 01:18:26]} {[%emt 00:09:18]}
Bg4 {[%clk 01:17:28]} {[%emt 00:02:36]} 9. d3 {[%clk 01:10:50]} {[%emt
00:08:07]} h5 {[%clk 01:09:13]} {[%emt 00:08:45]} 10. h4 {[%clk 01:07:18]}
{[%emt 00:04:02]} Nge7 {[%clk 00:57:03]} {[%emt 00:12:42]} 11. b4 {[%clk
00:59:56]} {[%emt 00:07:52]} Bb6 {[%clk 00:53:39]} {[%emt 00:03:53]} 12. a4
{[%emt 00:08:25]} a5 {[%clk 00:47:07]} {[%emt 00:00:01]} 13. b5 {[%clk
00:57:55]} {[%emt 00:01:37]} Nd8 {[%clk 00:47:02]} {[%emt 00:00:34]} 14. d4
{[%clk 00:55:28]} {[%emt 00:02:57]} exd4 {[%clk 00:43:19]} {[%emt 00:04:13]}
15. cxd4 {[%clk 00:54:06]} {[%emt 00:01:52]} Ne6 {[%clk 00:42:46]} {[%emt
00:01:04]} 16. Be3 {[%clk 00:49:58]} {[%emt 00:04:38]} O-O-O {[%clk 00:29:25]}
{[%emt 00:13:53]} 17. Qd2 {[%clk 00:41:27]} {[%emt 00:09:00]} f5 {[%clk
00:25:55]} {[%emt 00:04:00]} 18. d5 {[%clk 00:33:43]} {[%emt 00:08:15]} Nc5
{[%clk 00:26:23]} {[%emt 00:00:01]} 19. Bxc5 {[%clk 00:33:20]} {[%emt
00:00:54]} Bxf3 {[%clk 00:21:27]} {[%emt 00:05:25]} 20. Bxb6 {[%clk 00:29:39]}
{[%emt 00:04:12]} Bxd1 {[%clk 00:19:37]} {[%emt 00:02:19]} 21. Bd4 {[%clk
00:29:12]} {[%emt 00:00:57]} fxe4 {[%clk 00:17:30]} {[%emt 00:02:36]} 22. Qxd1
{[%clk 00:29:19]} {[%emt 00:00:25]} Nxd5 {[%clk 00:12:48]} {[%emt 00:05:12]}
23. Bxe4 {[%clk 00:27:43]} {[%emt 00:02:04]} Nf6 {[%clk 00:13:02]} {[%emt
00:00:16]} 24. Bxf6 {[%clk 00:27:24]} {[%emt 00:00:49]} gxf6 {[%clk 00:13:26]}
{[%emt 00:00:06]} 25. Qd5 {[%clk 00:27:21]} {[%emt 00:00:33]} c6 {[%clk
00:13:22]} {[%emt 00:00:35]} 26. bxc6 {[%clk 00:27:19]} {[%emt 00:00:31]} bxc6
{[%clk 00:13:11]} {[%emt 00:00:41]} 27. Qd3 {[%clk 00:24:52]} {[%emt 00:02:58]}
Kc7 {[%clk 00:12:09]} {[%emt 00:01:32]} 28. Na3 {[%clk 00:24:15]} {[%emt
00:01:07]} Qg4 {[%clk 00:06:55]} {[%emt 00:05:43]} 29. Rc1 {[%clk 00:22:52]}
{[%emt 00:01:52]} d5 {[%clk 00:04:57]} {[%emt 00:02:29]} 30. Qc2 {[%clk
00:17:42]} {[%emt 00:05:40]} Qe6 {[%clk 00:03:25]} {[%emt 00:02:02]} 31. Bf5
{[%clk 00:17:46]} {[%emt 00:00:26]} Qe8 {[%clk 00:03:47]} {[%emt 00:00:07]} 32.
Qc5 {[%clk 00:18:08]} {[%emt 00:00:08]} Rb8 {[%clk 00:00:37]} {[%emt 00:03:40]}
33. Nb5+ {[%clk 00:17:51]} {[%emt 00:00:47]} Rxb5 {[%clk 00:00:47]} {[%emt
00:00:19]} 34. axb5 {[%clk 00:17:54]} {[%emt 00:00:28]} Rg8 {[%clk 00:00:43]}
{[%emt 00:00:34]} 35. Qa7+ {[%clk 00:17:42]} {[%emt 00:00:41]} Kd8 {[%clk
00:00:51]} {[%emt 00:00:23]} 36. Rxc6 {[%clk 00:17:12]} {[%emt 00:00:59]} Qe1+
{[%clk 00:00:34]} {[%emt 00:00:47]} 37. Kh2 {[%clk 00:17:31]} {[%emt 00:00:11]}
Rg4 {[%clk 00:00:33]} {[%emt 00:00:31]} 38. Rc8# {[%clk 00:17:43]} {[%emt
00:00:15]} 1-0

[Event "ODJM A 2023"]
[Site "Willingen GER"]
[Date "2023.05.31"]
[Round "5"]
[White "Brunner, Tobias"]
[Black "Kliashtornyi, Arkadii"]
[Result "0-1"]
[Termination "normal"]
[Board "10"]
[WhiteElo "2017"]
[BlackElo "1853"]
[WhiteClock "00:37:37"]
[BlackClock "00:06:20"]
[PlyCount "76"]
[WhiteFideId "12949833"]
[BlackFideId "34119698"]
[EventCountry "GER"]
[EventRounds "9"]
[EventType "swiss"]
[EventDate "2023.05.27"]

1. e4 {[%clk 01:30:56]} {[%emt 00:00:03]} c6 {[%clk 01:30:55]} {[%emt
00:00:05]} 2. d4 {[%clk 01:30:56]} {[%emt 00:00:30]} d5 {[%clk 01:31:22]}
{[%emt 00:00:04]} 3. exd5 {[%clk 01:29:46]} {[%emt 00:01:41]} cxd5 {[%clk
01:31:45]} {[%emt 00:00:06]} 4. Bd3 {[%clk 01:29:21]} {[%emt 00:00:54]} Nc6
{[%clk 01:32:07]} {[%emt 00:00:10]} 5. c3 {[%clk 01:29:45]} {[%emt 00:00:05]}
Nf6 {[%clk 01:32:22]} {[%emt 00:00:15]} 6. h3 {[%clk 01:28:50]} {[%emt
00:01:24]} e5 {[%clk 01:31:25]} {[%emt 00:01:30]} 7. dxe5 {[%clk 01:28:10]}
{[%emt 00:01:08]} Nxe5 {[%clk 01:31:50]} {[%emt 00:00:06]} 8. Bc2 {[%clk
01:26:47]} {[%emt 00:01:52]} Bc5 {[%clk 01:20:34]} {[%emt 00:11:46]} 9. Ne2
{[%clk 01:21:14]} {[%emt 00:06:01]} O-O {[%clk 01:13:38]} {[%emt 00:07:27]} 10.
O-O {[%clk 01:15:36]} {[%emt 00:06:07]} Ne4 {[%clk 01:01:32]} {[%emt 00:12:37]}
11. Nd4 {[%clk 01:10:25]} {[%emt 00:05:40]} Qh4 {[%clk 00:52:26]} {[%emt
00:09:35]} 12. f4 {[%clk 01:02:36]} {[%emt 00:08:19]} Nc6 {[%clk 00:34:14]}
{[%emt 00:18:43]} 13. Be3 {[%clk 00:53:38]} {[%emt 00:09:27]} Bxh3 {[%clk
00:27:23]} {[%emt 00:07:22]} 14. Bxe4 {[%clk 00:45:35]} {[%emt 00:08:33]} dxe4
{[%clk 00:27:38]} {[%emt 00:00:15]} 15. Bf2 {[%clk 00:45:55]} {[%emt 00:00:08]}
Qg4 {[%clk 00:27:59]} {[%emt 00:00:09]} 16. Qxg4 {[%clk 00:46:17]} {[%emt
00:00:08]} Bxg4 {[%clk 00:28:28]} {[%emt 00:00:03]} 17. Nxc6 {[%clk 00:46:37]}
{[%emt 00:00:10]} Bxf2+ {[%clk 00:28:48]} {[%emt 00:00:10]} 18. Kxf2 {[%clk
00:47:01]} {[%emt 00:00:06]} bxc6 {[%clk 00:29:13]} {[%emt 00:00:05]} 19. Nd2
{[%clk 00:47:01]} {[%emt 00:00:30]} e3+ {[%clk 00:24:26]} {[%emt 00:05:16]} 20.
Kxe3 {[%clk 00:47:24]} {[%emt 00:00:07]} Rae8+ {[%clk 00:20:55]} {[%emt
00:04:01]} 21. Kf2 {[%clk 00:47:04]} {[%emt 00:00:50]} Re2+ {[%clk 00:21:24]}
{[%emt 00:00:01]} 22. Kg3 {[%clk 00:47:27]} {[%emt 00:00:06]} Rxd2 {[%clk
00:21:52]} {[%emt 00:00:03]} 23. Kxg4 {[%clk 00:47:51]} {[%emt 00:00:06]} Rxg2+
{[%clk 00:22:20]} {[%emt 00:00:02]} 24. Kf3 {[%clk 00:48:13]} {[%emt 00:00:08]}
Rxb2 {[%clk 00:22:49]} {[%emt 00:00:02]} 25. Rfd1 {[%clk 00:48:24]} {[%emt
00:00:18]} Rc2 {[%clk 00:23:00]} {[%emt 00:00:19]} 26. Rd3 {[%clk 00:48:48]}
{[%emt 00:00:05]} Re8 {[%clk 00:19:22]} {[%emt 00:04:08]} 27. a4 {[%clk
00:47:21]} {[%emt 00:01:58]} h5 {[%clk 00:16:57]} {[%emt 00:02:54]} 28. Rb1
{[%clk 00:46:46]} {[%emt 00:01:06]} Ree2 {[%clk 00:15:05]} {[%emt 00:02:21]}
29. Rb7 {[%clk 00:40:47]} {[%emt 00:06:30]} Rf2+ {[%clk 00:15:01]} {[%emt
00:00:33]} 30. Ke4 {[%clk 00:41:11]} {[%emt 00:00:06]} Rce2+ {[%clk 00:14:00]}
{[%emt 00:01:31]} 31. Kf5 {[%clk 00:41:13]} {[%emt 00:00:29]} g6+ {[%clk
00:12:32]} {[%emt 00:01:58]} 32. Kf6 {[%clk 00:39:26]} {[%emt 00:02:17]} Re6+
{[%clk 00:08:52]} {[%emt 00:04:11]} 33. Kg5 {[%clk 00:39:48]} {[%emt 00:00:07]}
Kg7 {[%clk 00:08:31]} {[%emt 00:00:51]} 34. Rxa7 {[%clk 00:38:38]} {[%emt
00:01:40]} Rf6 {[%clk 00:06:53]} {[%emt 00:02:07]} 35. Rd4 {[%clk 00:37:07]}
{[%emt 00:02:03]} Rh2 {[%clk 00:07:03]} {[%emt 00:00:19]} 36. Ra5 {[%clk
00:37:02]} {[%emt 00:00:34]} Rg2+ {[%clk 00:06:09]} {[%emt 00:01:24]} 37. Kh4
{[%clk 00:37:26]} {[%emt 00:00:06]} Rg4+ {[%clk 00:06:37]} {[%emt 00:00:03]}
38. Kh3 {[%clk 00:37:37]} {[%emt 00:00:19]} Rfxf4 {[%clk 00:06:20]} {[%emt
00:00:49]} 0-1

[Event "ODJM A 2023"]
[Site "Willingen GER"]
[Date "2023.05.31"]
[Round "5"]
[White "Schulz, Jannis"]
[Black "Mühlich, Cornelius"]
[Result "1/2-1/2"]
[Termination "normal"]
[Board "11"]
[WhiteElo "1802"]
[BlackElo "1910"]
[WhiteClock "00:08:22"]
[BlackClock "00:11:20"]
[PlyCount "54"]
[WhiteFideId "16224710"]
[BlackFideId "12963712"]
[EventCountry "GER"]
[EventRounds "9"]
[EventType "swiss"]
[EventDate "2023.05.27"]

1. d4 {[%clk 01:30:59]} d5 {[%clk 01:31:00]} 2. Nf3 {[%clk 01:31:13]} {[%emt
00:00:16]} Bf5 {[%clk 01:31:29]} 3. e3 {[%clk 01:31:22]} {[%emt 00:00:22]} e6
{[%clk 01:31:47]} {[%emt 00:00:12]} 4. Bd3 {[%clk 01:30:26]} {[%emt 00:01:26]}
Bxd3 {[%clk 01:30:14]} {[%emt 00:02:04]} 5. Qxd3 {[%emt 00:00:12]} a6 {[%emt
00:00:19]} 6. O-O {[%clk 01:30:58]} {[%emt 00:00:02]} Nf6 {[%emt 00:01:21]} 7.
Nbd2 {[%emt 00:02:03]} c5 {[%emt 00:01:14]} 8. c3 {[%clk 01:29:20]} {[%emt
00:00:02]} Nc6 {[%clk 01:29:02]} {[%emt 00:01:03]} 9. Qe2 {[%clk 01:27:46]}
{[%emt 00:02:04]} Bd6 {[%clk 01:26:55]} {[%emt 00:02:38]} 10. dxc5 {[%clk
01:27:50]} {[%emt 00:00:27]} Bxc5 {[%clk 01:27:03]} {[%emt 00:00:22]} 11. e4
{[%clk 01:27:39]} {[%emt 00:01:02]} O-O {[%clk 01:25:55]} {[%emt 00:01:17]} 12.
exd5 {[%clk 01:23:27]} {[%emt 00:04:41]} Qxd5 {[%clk 01:21:53]} {[%emt
00:04:32]} 13. Nb3 {[%clk 01:22:09]} {[%emt 00:01:49]} Ba7 {[%clk 01:18:52]}
{[%emt 00:03:30]} 14. Bg5 {[%clk 01:08:39]} {[%emt 00:13:59]} Qf5 {[%clk
01:13:45]} {[%emt 00:05:37]} 15. Rad1 {[%clk 01:03:53]} {[%emt 00:05:16]} Rfd8
{[%clk 01:10:31]} {[%emt 00:03:46]} 16. Bh4 {[%clk 01:02:13]} {[%emt 00:02:12]}
h6 {[%clk 01:05:36]} {[%emt 00:05:20]} 17. Bg3 {[%clk 00:44:45]} {[%emt
00:17:59]} Bb6 {[%clk 00:57:49]} {[%emt 00:08:18]} 18. Ne5 {[%clk 00:39:33]}
{[%emt 00:05:41]} Nxe5 {[%clk 00:50:02]} {[%emt 00:08:18]} 19. Bxe5 {[%clk
00:38:42]} {[%emt 00:01:20]} Ne4 {[%clk 00:48:24]} {[%emt 00:02:10]} 20. Bd4
{[%clk 00:37:55]} {[%emt 00:01:14]} Bxd4 {[%clk 00:46:08]} {[%emt 00:02:48]}
21. Nxd4 {[%clk 00:33:56]} {[%emt 00:04:29]} Qg6 {[%clk 00:42:00]} {[%emt
00:04:37]} 22. f4 {[%clk 00:28:20]} {[%emt 00:06:07]} Rd5 {[%clk 00:32:45]}
{[%emt 00:09:46]} 23. Qf3 {[%clk 00:19:54]} {[%emt 00:08:55]} f5 {[%clk
00:23:21]} {[%emt 00:09:54]} 24. Qe2 {[%clk 00:15:15]} {[%emt 00:05:08]} Rad8
{[%clk 00:22:02]} {[%emt 00:01:50]} 25. Qc4 {[%clk 00:11:50]} {[%emt 00:03:54]}
Qf7 {[%clk 00:17:39]} {[%emt 00:04:54]} 26. Qb3 {[%clk 00:10:43]} {[%emt
00:01:37]} Kh7 {[%clk 00:17:13]} {[%emt 00:00:56]} 27. g3 {[%clk 00:08:22]}
{[%emt 00:02:51]} Qd7 {[%clk 00:11:20]} {[%emt 00:06:23]} 1/2-1/2

[Event "ODJM A 2023"]
[Site "Willingen GER"]
[Date "2023.05.31"]
[Round "5"]
[White "Grunert, Friedrich"]
[Black "Korbel, Joshua"]
[Result "1/2-1/2"]
[Termination "normal"]
[Board "12"]
[WhiteElo "1975"]
[BlackElo "1682"]
[WhiteClock "00:37:57"]
[BlackClock "00:09:01"]
[PlyCount "151"]
[WhiteFideId "12995592"]
[BlackFideId "16273184"]
[EventCountry "GER"]
[EventRounds "9"]
[EventType "swiss"]
[EventDate "2023.05.27"]

1. d4 {[%clk 01:30:57]} {[%emt 00:00:02]} g6 {[%clk 01:30:57]} {[%emt
00:00:04]} 2. c4 {[%clk 01:31:23]} {[%emt 00:00:04]} Bg7 {[%clk 01:31:25]}
{[%emt 00:00:02]} 3. Nc3 {[%clk 01:31:49]} {[%emt 00:00:04]} d6 {[%clk
01:31:47]} {[%emt 00:00:09]} 4. e4 {[%clk 01:32:13]} {[%emt 00:00:04]} Nc6
{[%clk 01:32:06]} {[%emt 00:00:11]} 5. Be3 {[%clk 01:32:01]} {[%emt 00:00:43]}
e5 {[%clk 01:30:14]} {[%emt 00:02:22]} 6. d5 {[%clk 01:32:13]} {[%emt
00:00:18]} Nce7 {[%clk 01:30:34]} {[%emt 00:00:10]} 7. Bd3 {[%clk 01:30:30]}
{[%emt 00:02:11]} f5 {[%clk 01:29:53]} {[%emt 00:01:12]} 8. f3 {[%clk
01:30:49]} {[%emt 00:00:11]} Nf6 {[%clk 01:27:08]} {[%emt 00:03:14]} 9. Nge2
{[%clk 01:30:48]} {[%emt 00:00:32]} fxe4 {[%clk 01:26:08]} {[%emt 00:01:31]}
10. Nxe4 {[%clk 01:30:39]} {[%emt 00:00:38]} Nf5 {[%clk 01:23:01]} {[%emt
00:03:36]} 11. Bf2 {[%clk 01:31:01]} {[%emt 00:00:08]} Bh6 {[%clk 01:20:04]}
{[%emt 00:03:27]} 12. O-O {[%clk 01:27:32]} {[%emt 00:03:58]} Ne3 {[%clk
01:15:45]} {[%emt 00:04:51]} 13. Qc1 {[%clk 01:20:34]} {[%emt 00:07:28]} Neg4
{[%clk 01:09:58]} {[%emt 00:06:17]} 14. Qc2 {[%clk 01:20:43]} {[%emt 00:00:21]}
Nxe4 {[%clk 01:06:29]} {[%emt 00:03:59]} 15. fxg4 {[%clk 01:10:56]} {[%emt
00:10:17]} Nxf2 {[%clk 00:59:41]} {[%emt 00:07:18]} 16. Bxg6+ {[%clk 01:02:12]}
{[%emt 00:09:15]} Ke7 {[%clk 00:54:47]} {[%emt 00:05:24]} 17. Kxf2 {[%clk
00:56:58]} {[%emt 00:05:42]} hxg6 {[%clk 00:54:01]} {[%emt 00:01:16]} 18. Qxg6
{[%clk 00:56:30]} {[%emt 00:00:58]} Qg8 {[%clk 00:52:26]} {[%emt 00:02:05]} 19.
Qxg8 {[%clk 00:54:48]} {[%emt 00:02:13]} Rxg8 {[%clk 00:52:51]} {[%emt
00:00:05]} 20. h3 {[%clk 00:55:12]} {[%emt 00:00:06]} c6 {[%clk 00:40:24]}
{[%emt 00:12:56]} 21. Nc3 {[%clk 00:54:25]} {[%emt 00:01:17]} Bd2 {[%clk
00:33:39]} {[%emt 00:07:15]} 22. Ne4 {[%clk 00:54:09]} {[%emt 00:00:46]} Ba5
{[%clk 00:33:03]} {[%emt 00:01:07]} 23. Ke2 {[%clk 00:52:56]} {[%emt 00:01:42]}
Rg6 {[%clk 00:25:44]} {[%emt 00:07:49]} 24. g5 {[%clk 00:48:33]} {[%emt
00:04:54]} cxd5 {[%clk 00:20:45]} {[%emt 00:05:29]} 25. cxd5 {[%clk 00:48:57]}
{[%emt 00:00:06]} Bd7 {[%clk 00:17:24]} {[%emt 00:03:52]} 26. a4 {[%clk
00:47:30]} {[%emt 00:01:56]} Bb4 {[%clk 00:14:48]} {[%emt 00:03:04]} 27. h4
{[%clk 00:46:21]} {[%emt 00:01:40]} Rf8 {[%clk 00:10:18]} {[%emt 00:05:01]} 28.
Rxf8 {[%clk 00:43:28]} {[%emt 00:03:23]} Kxf8 {[%clk 00:10:42]} {[%emt
00:00:06]} 29. Kf3 {[%clk 00:41:26]} {[%emt 00:02:31]} Bf5 {[%clk 00:09:51]}
{[%emt 00:01:21]} 30. Nf6 {[%clk 00:37:20]} {[%emt 00:04:37]} Rg7 {[%clk
00:09:00]} {[%emt 00:01:20]} 31. g4 {[%clk 00:37:23]} {[%emt 00:00:28]} Bd7
{[%clk 00:07:46]} {[%emt 00:01:44]} 32. h5 {[%clk 00:34:42]} {[%emt 00:03:10]}
Bd2 {[%clk 00:06:53]} {[%emt 00:01:24]} 33. g6 {[%clk 00:32:00]} {[%emt
00:03:12]} Ke7 {[%clk 00:06:31]} {[%emt 00:00:51]} 34. Ne4 {[%clk 00:31:23]}
{[%emt 00:01:07]} Bf4 {[%clk 00:06:35]} {[%emt 00:00:27]} 35. g5 {[%clk
00:29:32]} {[%emt 00:02:21]} Kf8 {[%clk 00:03:24]} {[%emt 00:03:41]} 36. h6
Rxg6 {[%clk 00:03:24]} 37. Rh1 {[%clk 00:27:55]} {[%emt 00:00:54]} Kg8 {[%clk
00:03:19]} {[%emt 00:00:36]} 38. Nf6+ {[%clk 00:28:04]} {[%emt 00:00:22]} Rxf6
{[%clk 00:03:32]} {[%emt 00:00:16]} 39. gxf6 {[%clk 00:28:31]} {[%emt
00:00:04]} Be8 {[%clk 00:03:44]} {[%emt 00:00:18]} 40. Rg1+ {[%clk 00:24:47]}
{[%emt 00:04:13]} Kh8 {[%clk 00:04:03]} {[%emt 00:00:11]} 41. Rg7 {[%clk
00:19:02]} {[%emt 00:06:14]} Bh5+ {[%clk 00:03:23]} {[%emt 00:01:11]} 42. Kf2
{[%clk 00:19:23]} {[%emt 00:00:09]} Bxh6 {[%clk 00:03:24]} {[%emt 00:00:30]}
43. Rxb7 {[%clk 00:19:23]} {[%emt 00:00:29]} a5 {[%clk 00:24:57]} {[%emt
00:08:58]} 44. f7 {[%clk 00:48:41]} {[%emt 00:01:11]} Kg7 {[%clk 00:21:51]}
{[%emt 00:03:36]} 45. f8=Q+ {[%clk 00:49:06]} {[%emt 00:00:06]} Kxf8 {[%clk
00:22:10]} {[%emt 00:00:11]} 46. Rh7 {[%clk 00:49:29]} {[%emt 00:00:05]} Bc1
{[%clk 00:22:25]} {[%emt 00:00:16]} 47. Rxh5 {[%clk 00:49:53]} {[%emt
00:00:06]} Bxb2 {[%clk 00:22:40]} {[%emt 00:00:17]} 48. Rh7 {[%clk 00:50:02]}
{[%emt 00:00:19]} Ba3 {[%clk 00:19:20]} {[%emt 00:03:51]} 49. Ke3 {[%clk
00:47:05]} {[%emt 00:03:26]} Ke8 {[%clk 00:19:03]} {[%emt 00:00:46]} 50. Kd3
{[%clk 00:46:37]} {[%emt 00:00:58]} Kd8 {[%clk 00:18:00]} {[%emt 00:01:33]} 51.
Kc4 {[%clk 00:46:11]} {[%emt 00:00:56]} Bb4 {[%clk 00:17:24]} {[%emt 00:01:06]}
52. Kb5 {[%clk 00:46:24]} {[%emt 00:00:17]} Kc8 {[%clk 00:15:33]} {[%emt
00:02:21]} 53. Kc6 {[%clk 00:45:28]} {[%emt 00:01:27]} Kd8 {[%clk 00:15:51]}
{[%emt 00:00:13]} 54. Rd7+ {[%clk 00:44:25]} {[%emt 00:01:31]} Ke8 {[%clk
00:14:03]} {[%emt 00:02:19]} 55. Rb7 {[%clk 00:41:02]} {[%emt 00:03:52]} Kd8
{[%clk 00:13:15]} {[%emt 00:01:18]} 56. Rh7 {[%clk 00:40:04]} {[%emt 00:01:27]}
Bc5 {[%clk 00:12:38]} {[%emt 00:01:09]} 57. Rg7 {[%clk 00:39:42]} {[%emt
00:00:51]} Bb4 {[%clk 00:12:27]} {[%emt 00:00:40]} 58. Rb7 {[%clk 00:39:37]}
{[%emt 00:00:36]} Bc5 {[%clk 00:11:15]} {[%emt 00:01:43]} 59. Rd7+ {[%clk
00:35:28]} {[%emt 00:04:38]} Ke8 {[%clk 00:10:56]} {[%emt 00:00:49]} 60. Rxd6
{[%clk 00:32:49]} {[%emt 00:03:09]} Bxd6 {[%clk 00:10:52]} {[%emt 00:00:35]}
61. Kxd6 {[%clk 00:33:08]} {[%emt 00:00:10]} e4 {[%clk 00:10:58]} {[%emt
00:00:24]} 62. Kc7 {[%clk 00:33:34]} {[%emt 00:00:05]} e3 {[%clk 00:11:09]}
{[%emt 00:00:19]} 63. d6 {[%clk 00:33:58]} {[%emt 00:00:06]} e2 {[%clk
00:11:24]} {[%emt 00:00:16]} 64. d7+ {[%clk 00:34:25]} {[%emt 00:00:03]} Kf7
{[%clk 00:11:43]} {[%emt 00:00:10]} 65. d8=Q {[%clk 00:34:50]} {[%emt
00:00:06]} e1=Q {[%clk 00:12:03]} {[%emt 00:00:10]} 66. Qd5 {[%clk 00:35:09]}
{[%emt 00:00:10]} Kf6 {[%clk 00:09:45]} {[%emt 00:02:47]} 67. Kb6 {[%clk
00:34:32]} {[%emt 00:01:08]} Qb4+ {[%clk 00:08:55]} {[%emt 00:01:21]} 68. Qb5
{[%clk 00:34:50]} {[%emt 00:00:11]} Ke7 {[%clk 00:08:31]} {[%emt 00:00:54]} 69.
Ka6 {[%clk 00:35:00]} {[%emt 00:00:19]} Qxb5+ {[%clk 00:07:27]} {[%emt
00:01:35]} 70. Kxb5 {[%clk 00:35:18]} {[%emt 00:00:12]} Kd7 {[%clk 00:07:39]}
{[%emt 00:00:18]} 71. Kxa5 {[%clk 00:35:44]} {[%emt 00:00:04]} Kc7 {[%clk
00:07:59]} {[%emt 00:00:09]} 72. Kb5 {[%clk 00:36:12]} {[%emt 00:00:03]} Kb7
{[%clk 00:08:05]} {[%emt 00:00:24]} 73. a5 {[%clk 00:36:38]} {[%emt 00:00:03]}
Ka7 {[%clk 00:08:20]} {[%emt 00:00:15]} 74. a6 {[%clk 00:37:05]} {[%emt
00:00:03]} Kb8 {[%clk 00:08:42]} {[%emt 00:00:08]} 75. Kb6 {[%clk 00:37:32]}
{[%emt 00:00:04]} Ka8 {[%clk 00:09:01]} {[%emt 00:00:10]} 76. a7 {[%clk
00:37:57]} {[%emt 00:00:06]} 1/2-1/2

[Event "ODJM A 2023"]
[Site "Willingen GER"]
[Date "2023.05.31"]
[Round "5"]
[White "Deschler, Arne"]
[Black "Eberhart, Erik"]
[Result "0-1"]
[Termination "normal"]
[Board "13"]
[WhiteElo "1767"]
[BlackElo "1764"]
[WhiteClock "00:26:24"]
[BlackClock "00:17:34"]
[PlyCount "114"]
[WhiteFideId "16274415"]
[BlackFideId "16239970"]
[EventCountry "GER"]
[EventRounds "9"]
[EventType "swiss"]
[EventDate "2023.05.27"]

1. e4 e5 {[%emt 0:00:04]} 2. Nf3 {[%emt 0:00:12]} Nc6 {[%emt 0:00:03]} 3. Nc3
{[%emt 0:00:06]} Nf6 {[%emt 0:00:09]} 4. d4 {[%emt 0:00:03]} exd4 {[%emt
0:01:42]} 5. Nxd4 {[%emt 0:00:51]} Bb4 {[%emt 0:04:04]} 6. Nxc6 {[%emt
0:00:35]} bxc6 {[%emt 0:00:11]} 7. Bd3 {[%emt 0:09:08]} d5 {[%emt 0:02:24]} 8.
exd5 {[%emt 0:01:04]} Nxd5 {[%emt 0:10:42]} 9. O-O {[%emt 0:15:40]} O-O {[%emt
0:06:03]} 10. Qf3 {[%emt 0:32:31]} Bxc3 {[%emt 0:05:54]} 11. bxc3 {[%emt
0:02:01]} Qf6 {[%emt 0:00:04]} 12. Qxf6 {[%emt 0:07:39]} Nxf6 {[%emt 0:00:38]}
13. c4 {[%emt 0:07:33]} Be6 {[%emt 0:03:19]} 14. Bf4 {[%emt 0:01:01]} Rfc8
{[%emt 0:04:50]} 15. Rab1 {[%emt 0:01:23]} Nd7 {[%emt 0:00:39]} 16. Rfe1 {[%emt
0:03:49]} Nb6 {[%emt 0:02:39]} 17. f3 {[%emt 0:03:15]} Kf8 {[%emt 0:10:34]} 18.
Kf2 {[%emt 0:01:59]} Bxc4 {[%emt 0:03:02]} 19. Rxb6 {[%emt 0:02:17]} axb6
{[%emt 0:00:04]} 20. Bxc4 {[%emt 0:00:08]} Ra4 {[%emt 0:00:03]} 21. Re4 {[%emt
0:01:11]} f5 {[%emt 0:00:34]} 22. Bb3 {[%emt 0:00:31]} fxe4 {[%emt 0:02:34]}
23. Bxa4 {[%emt 0:00:16]} exf3 {[%emt 0:00:08]} 24. Kxf3 {[%emt 0:01:20]} b5
{[%emt 0:00:38]} 25. Bb3 {[%emt 0:00:08]} Ke7 {[%emt 0:00:04]} 26. c4 {[%emt
0:02:49]} Kd7 {[%emt 0:01:05]} 27. c5 {[%emt 0:03:05]} Rf8 {[%emt 0:00:59]} 28.
h4 {[%emt 0:00:46]} Rf5 29. Ke4 Rxc5 30. Bd2 g6 31. g4 b4 32. Kd4 Rb5 33. Bc4
Rb8 34. Ke5 Re8+ 35. Kf6 Re4 36. Bg8 c5 37. h5 gxh5 38. gxh5 Rh4 39. Ke5 Rxh5+
40. Ke4 Rh3 41. Be1 Kc6 42. Be6 Ra3 43. Bg8 h5 44. Bf7 Kb5 45. Bxh5 Rxa2 46.
Be8+ c6 47. Kd3 c4+ 48. Kd4 Re2 49. Bxc6+ Kxc6 50. Bxb4 Kb5 51. Bc3 Rh2 52. Be1
Rh1 53. Bd2 Rh3 54. Be1 Rd3+ 55. Ke4 Ka4 56. Kf4 Kb3 57. Ke4 Rd7 0-1